[Event "Zaraisk"]
[Site "Zaraisk"]
[Date "2009.11.28"]
[Round "9"]
[White "Klichev, Mikhail"]
[Black "Shmatkov, Vladimir"]
[Result "1-0"]
[WhiteElo "2233"]
[BlackElo "2065"]
[PlyCount "107"]
[EventDate "2009.11.14"]
[EventType "tourn"]
[EventRounds "11"]
[EventCountry "RUS"]
[SourceTitle "EXT 2012"]
[Source "ChessBase"]
[SourceDate "2011.11.24"]
[SourceVersion "1"]
[SourceVersionDate "2011.11.24"]
[SourceQuality "1"]

1. e4 c6 2. d3 d5 3. Nd2 e5 4. g3 Nf6 5. Bg2 Bg4 6. Ne2 Nbd7 7. h3 Be6 8. 0-0 Bc5 9. Kh1 0-0 10. c3 dxe4 11. dxe4 Re8 12. b4 Bb6 13. c4 a5 14. bxa5 Bxa5 15. Qc2 Nc5 16. Nb3 Bb6 17. Nxc5 Bxc5 18. f4 Qc7 19. Bb2 Qc8 20. Bxe5 Bxh3 21. Bxf6 gxf6 22. f5 Bxg2+ 23. Kxg2 Qd7 24. Rad1 Qe7 25. Rf4 Qe5 26. Rg4+ Kf8 27. Rh1 Ke7 28. Rg7 Rg8 29. Rxg8 Rxg8 30. Rxh7 Rg4 31. Kf3 Rg8 32. Qb1 b6 33. Rh1 Ra8 34. Rd1 Ra3+ 35. Rd3 Rxd3+ 36. Qxd3 Qa1 37. Qc2 Qf1+ 38. Kg4 Qg2 39. Qd3 Qf2 40. a4 Qe3 41. Qxe3 Bxe3 42. Kf3 Bg5 43. Nd4 Kd6 44. Ke2 Kc5 45. Kd3 Bh6 46. g4 Bg5 47. Nf3 Bh6 48. e5 Kb4 49. exf6 Kxa4 50. g5 Bf8 51. g6 fxg6 52. fxg6 b5 53. g7 Bxg7 54. fxg7 1-0

[Event "Dubna op"]
[Site "Dubna"]
[Date "2007.08.12"]
[Round "14"]
[White "Zhuravlev, A."]
[Black "Klichev, Mikhail"]
[Result "1-0"]
[WhiteElo "2206"]
[BlackElo "2279"]
[PlyCount "91"]
[EventDate "2007.08.02"]
[EventType "swiss"]
[EventRounds "14"]
[EventCountry "RUS"]
[SourceTitle "EXT 2008"]
[Source "ChessBase"]
[SourceDate "2007.11.25"]
[SourceVersion "1"]
[SourceVersionDate "2007.11.25"]
[SourceQuality "1"]

1. d4 d5 2. Nf3 Nf6 3. Bg5 Ne4 4. Bf4 c5 5. c3 Qb6 6. Qb3 c4 7. Qxb6 axb6 8. Nbd2 Bf5 9. Nh4 e6 10. f3 Nxd2 11. Kxd2 Nc6 12. g4 Bg6 13. Nxg6 hxg6 14. e4 Be7 15. a3 f5 16. exd5 exd5 17. Re1 Kf7 18. Bc7 b5 19. Bg2 Rac8 20. Be5 Rcd8 21. gxf5 gxf5 22. f4 Rd7 23. Re3 Rh7 24. h3 g6 25. Ra1 Rh4 26. Ke2 Nd8 27. a4 b4 28. a5 Ne6 29. a6 bxa6 30. Ra5 bxc3 31. bxc3 Nc7 32. Bxc7 Rxc7 33. Bxd5+ Kg7 34. Rxa6 Rxf4 35. Ree6 Bf8 36. Rxg6+ Kh7 37. Rac6 Rb7 38. Bg8+ Kh8 39. Bxc4 Rb2+ 40. Ke3 Re4+ 41. Kd3 Rh4 42. Rg3 Be7 43. Rc8+ Kh7 44. Rc7 Re4 45. Bd5 Re1 46. Re3 1-0

[Event "Dubna op"]
[Site "Dubna"]
[Date "2007.08.08"]
[Round "8"]
[White "Asrian, Armen"]
[Black "Klichev, Mikhail"]
[Result "1/2-1/2"]
[WhiteElo "2132"]
[BlackElo "2279"]
[PlyCount "98"]
[EventDate "2007.08.02"]
[EventType "swiss"]
[EventRounds "14"]
[EventCountry "RUS"]
[SourceTitle "EXT 2008"]
[Source "ChessBase"]
[SourceDate "2007.11.25"]
[SourceVersion "1"]
[SourceVersionDate "2007.11.25"]
[SourceQuality "1"]

1. e4 c5 2. Nf3 d6 3. d4 cxd4 4. Nxd4 Nf6 5. Nc3 a6 6. Be3 Ng4 7. Bg5 h6 8. Bh4 g5 9. Bg3 Bg7 10. Qd2 Nc6 11. Nf5 Bxf5 12. exf5 Qa5 13. Bd3 Rc8 14. 0-0 Bxc3 15. bxc3 Nge5 16. Rfe1 Kf8 17. Rab1 b5 18. Be4 Nc4 19. Qe2 N6e5 20. f4 gxf4 21. Bxf4 Qxc3 22. Rb3 Qd4+ 23. Kh1 d5 24. Bxe5 Nxe5 25. Bf3 f6 26. Rd3 Qf4 27. Bxd5 Rc7 28. Rf1 Rxc2 29. Rxf4 Rxe2 30. Rd1 Nd3 31. Rf3 Nf2+ 32. Rxf2 Rxf2 33. Be6 Kg7 34. Kg1 Rf4 35. Rd7 Re8 36. Ra7 Ra4 37. Bb3 Ra5 38. h3 Kf8 39. Kf2 b4 40. Be6 Rd8 41. Kg3 Ra3+ 42. Kh4 Re3 43. Rxa6 Rd4+ 44. Kh5 Ke8 45. h4 Kd8 46. g4 Rg3 47. Rc6 Rc3 48. Ra6 Rg3 49. Rc6 Rc3 1/2-1/2

[Event "Dubna op"]
[Site "Dubna"]
[Date "2007.08.06"]
[Round "5"]
[White "Klichev, Mikhail"]
[Black "Samarin, Vladimir"]
[Result "1-0"]
[WhiteElo "2279"]
[BlackElo "2062"]
[PlyCount "67"]
[EventDate "2007.08.02"]
[EventType "swiss"]
[EventRounds "14"]
[EventCountry "RUS"]
[SourceTitle "EXT 2008"]
[Source "ChessBase"]
[SourceDate "2007.11.25"]
[SourceVersion "1"]
[SourceVersionDate "2007.11.25"]
[SourceQuality "1"]

1. e4 g6 2. d4 c6 3. c4 d6 4. Nc3 e5 5. Nf3 Bg4 6. dxe5 Bxf3 7. Qxf3 dxe5 8. Be3 Bg7 9. Rd1 Qc7 10. h4 h5 11. Be2 Ne7 12. Bc5 0-0 13. Bd6 Qd8 14. Bxe5 Qb6 15. Bxg7 Kxg7 16. 0-0 Na6 17. Rd7 Rae8 18. Na4 Qb4 19. Bd1 Qxc4 20. Rxb7 Nc5 21. Bb3 Qxf1+ 22. Kxf1 Nxb7 23. Qc3+ Kh7 24. Qb4 Nd8 25. Nc5 Rh8 26. Nd7 Ng8 27. g3 Re7 28. Nf6+ Nxf6 29. Qxe7 Kg7 30. e5 Ne4 31. Kg2 a5 32. Bc4 Nd2 33. Qf6+ Kh7 34. Bxf7 1-0

[Event "Moscow Region-ch op"]
[Site "Serpukhov"]
[Date "2004.08.29"]
[Round "5"]
[White "Zolotukhin, Valery"]
[Black "Klichev, Mikhail"]
[Result "1/2-1/2"]
[WhiteElo "2117"]
[BlackElo "2268"]
[PlyCount "92"]
[EventDate "2004.08.26"]
[EventType "swiss"]
[EventRounds "12"]
[EventCountry "RUS"]
[SourceTitle "EXT 2006"]
[Source "ChessBase"]
[SourceDate "2005.11.24"]
[SourceVersion "1"]
[SourceVersionDate "2005.11.24"]
[SourceQuality "1"]

1. e4 c5 2. Nf3 d6 3. d4 cxd4 4. Nxd4 Nf6 5. Nc3 a6 6. Be3 Ng4 7. Bg5 h6 8. Bh4 g5 9. Bg3 Bg7 10. Be2 Ne5 11. 0-0 Nbc6 12. Nf5 Bxf5 13. exf5 Nd4 14. Bd3 Rc8 15. Kh1 Nxd3 16. Qxd3 Qa5 17. Rae1 Qxf5 18. Bxd6 e6 19. Ne4 Qb5 20. Qh3 Rxc2 21. Bc5 Qc6 22. Nd6+ Kd7 23. Bxd4 Bxd4 24. Qd3 Kc7 25. Qxd4 Rd8 26. Qf6 Rxd6 27. Qxf7+ Kb6 28. Qf6 Qb5 29. Kg1 Re2 30. Rxe2 Qxe2 31. h3 Ka7 32. Qxh6 Rd5 33. Qf6 Re5 34. f4 Qe3+ 35. Kh2 Rf5 36. Qc3 Qe4 37. Qe1 Qc4 38. b3 Qc7 39. Qxe6 Rxf4 40. Qe3+ Kb8 41. Rxf4 gxf4 42. Qf3 Ka7 43. h4 Qe5 44. h5 Qg5 45. Kh3 Qe5 46. Kh4 Qa5 1/2-1/2

[Event "Serpukhov-E"]
[Site "Serpukhov"]
[Date "2003.??.??"]
[Round "3"]
[White "Pobelianskaia, Maria"]
[Black "Klichev, Mikhail"]
[Result "0-1"]
[WhiteElo "2070"]
[BlackElo "2247"]
[PlyCount "116"]
[EventDate "2003.01.??"]
[EventType "tourn"]
[EventRounds "13"]
[EventCountry "RUS"]
[SourceTitle "EXT 2004"]
[Source "ChessBase"]
[SourceDate "2003.11.25"]
[SourceVersion "1"]
[SourceVersionDate "2003.11.25"]
[SourceQuality "1"]

1. e4 c5 2. c3 Nf6 3. e5 Nd5 4. d4 cxd4 5. Nf3 Nc6 6. cxd4 e6 7. Nc3 Nxc3 8. bxc3 d6 9. Bb5 Bd7 10. exd6 Bxd6 11. 0-0 Qa5 12. Qd3 a6 13. Bc4 Ne7 14. Bd2 Bc6 15. Rae1 Qh5 16. Ne5 f6 17. Bxe6 fxe5 18. dxe5 Bc5 19. Be3 Qxe5 20. Qc4 Bd6 21. f4 Qh5 22. g4 Qg6 23. f5 Qf6 24. g5 Qe5 25. Qh4 Qxc3 26. f6 gxf6 27. gxf6 h5 28. fxe7 Qg7+ 29. Qg5 Qxg5+ 30. Bxg5 Bc5+ 31. Rf2 Rh7 32. Bc4 Rg7 33. h4 Kd7 34. Kf1 Bxf2 35. Kxf2 Kd6 36. Rd1+ Kc7 37. Rd8 Rxg5 38. Rxa8 Re5 39. Rh8 Kd6 40. Rh7 Be8 41. Kf3 b5 42. Bb3 a5 43. Kf4 Re1 44. Rh6+ Kxe7 45. Rh7+ Kd6 46. Rh6+ Kc5 47. Re6 Rxe6 48. Bxe6 a4 49. Ke4 Bg6+ 50. Ke3 b4 51. Kd2 Kd6 52. Bg8 Ke5 53. Bc4 Kf4 54. Bb5 a3 55. Bc4 Kg3 56. Ke3 Kxh4 57. Kd4 Bc2 58. Kc5 b3 0-1

[Event "Moscow-ch Region"]
[Site "Serpukhov"]
[Date "2002.??.??"]
[Round "6"]
[White "Kuznetsov, Lev"]
[Black "Klichev, Mikhail"]
[Result "0-1"]
[WhiteElo "2234"]
[BlackElo "2237"]
[PlyCount "92"]
[EventDate "2002.??.??"]
[EventType "swiss"]
[EventRounds "9"]
[EventCountry "RUS"]
[SourceTitle "EXT 2003"]
[Source "ChessBase"]
[SourceDate "2002.11.25"]
[SourceVersion "1"]
[SourceVersionDate "2002.11.25"]
[SourceQuality "1"]

1. e4 c5 2. Nf3 Nc6 3. Nc3 d6 4. d4 cxd4 5. Nxd4 Nf6 6. Bc4 e6 7. Be3 Be7 8. Qe2 a6 9. 0-0-0 Qc7 10. Bb3 b5 11. g4 Na5 12. g5 Nxb3+ 13. axb3 Nd7 14. Nf5 exf5 15. Nd5 Qd8 16. exf5 0-0 17. Rhg1 Re8 18. Qh5 g6 19. Qh4 Bb7 20. Rg3 Bxd5 21. Rxd5 Bf8 22. Rh3 h5 23. f4 Re4 24. Qf2 Qe7 25. Bd2 Re2 26. Qg1 Qe4 27. Rhd3 Nc5 28. R3d4 Qg2 29. Qd1 Rc8 30. Kb1 Rf2 31. fxg6 fxg6 32. Be1 Rf1 33. Rd2 Qg4 34. Re2 Qxf4 35. Ka2 a5 36. h4 a4 37. b4 Nd7 38. Kb1 Qf7 39. Rxb5 Ne5 40. Rd5 Nf3 41. Rd3 Nxh4 42. Rd4 Nf5 43. Rd3 Re8 44. b3 axb3 45. Rxb3 Rxe2 46. Qxe2 Nd4 0-1

[Event "Moscow-ch Region"]
[Site "Serpukhov"]
[Date "2002.??.??"]
[Round "2"]
[White "Yukhtanov, Vladimir"]
[Black "Klichev, Mikhail"]
[Result "0-1"]
[WhiteElo "2239"]
[BlackElo "2237"]
[PlyCount "106"]
[EventDate "2002.??.??"]
[EventType "swiss"]
[EventRounds "9"]
[EventCountry "RUS"]
[SourceTitle "EXT 2003"]
[Source "ChessBase"]
[SourceDate "2002.11.25"]
[SourceVersion "1"]
[SourceVersionDate "2002.11.25"]
[SourceQuality "1"]

1. Nf3 d5 2. d4 Nf6 3. c4 c6 4. Nc3 e6 5. cxd5 exd5 6. Bg5 Be7 7. e3 0-0 8. Bd3 Nbd7 9. 0-0 Re8 10. a3 a5 11. Rc1 Ne4 12. Bxe7 Qxe7 13. Nd2 Nd6 14. Na4 f5 15. Qc2 g6 16. Nc5 Nf6 17. Nf3 Nf7 18. Na4 Ne4 19. Nb6 Ra7 20. Nd2 Nh6 21. Bxe4 fxe4 22. Qc5 Qxc5 23. Rxc5 Bg4 24. Re1 a4 25. h3 Be6 26. b3 axb3 27. a4 Kf7 28. Nxb3 Ke7 29. a5 Kd6 30. Rc2 g5 31. Nc5 g4 32. hxg4 Bxg4 33. Rb1 Nf7 34. Rcb2 Nd8 35. Ra1 h5 36. Rbb1 Rg8 37. Kh2 Ne6 38. Nba4 Kc7 39. Nxe6+ Bxe6 40. Nc5 Bg4 41. Rb6 Be2 42. Rb2 Bb5 43. Ne6+ Kd6 44. Nf4 b6 45. a6 h4 46. Kh3 Rb8 47. Kxh4 Bxa6 48. g4 Rh7+ 49. Kg3 Bc8 50. g5 Bf5 51. Kg2 Rg8 52. Rxb6 Rxg5+ 53. Kf1 Rh1+ 0-1

[Event "RUS-chT2"]
[Site "Korolev"]
[Date "2000.??.??"]
[Round "?"]
[White "Alekseev, Evgeny V"]
[Black "Klichev, Mikhail"]
[Result "1-0"]
[WhiteElo "2497"]
[BlackElo "2276"]
[PlyCount "109"]
[EventDate "2000.10.??"]
[EventType "team"]
[EventRounds "9"]
[EventCountry "RUS"]
[SourceTitle "EXT 2002"]
[Source "ChessBase"]
[SourceDate "2001.11.25"]
[SourceVersion "1"]
[SourceVersionDate "2001.11.25"]
[SourceQuality "1"]

1. e4 e5 2. Bc4 Nc6 3. Nf3 g6 4. c3 d6 5. 0-0 Bg7 6. d4 Bg4 7. Be3 Qd7 8. Bb5 Bxf3 9. Qxf3 a6 10. Bxc6 Qxc6 11. Nd2 Ne7 12. d5 Qd7 13. Qe2 0-0 14. c4 f5 15. f3 f4 16. Bf2 g5 17. c5 dxc5 18. Bxc5 Rf7 19. Nc4 Nc8 20. Rfd1 h5 21. Rac1 Qb5 22. Qf2 g4 23. Ba3 Bf6 24. Kh1 Rg7 25. b3 g3 26. Qe1 gxh2 27. d6 Qe8 28. dxc7 Qg6 29. Qe2 Rxc7 30. Nxe5 Qg7 31. Rxc7 Qxc7 32. Qc4+ Qxc4 33. Nxc4 b5 34. Na5 Ra7 35. Kxh2 Rc7 36. e5 Bxe5 37. Rd5 Bc3 38. b4 Ne7 39. Rxh5 Be1 40. Nb3 Rc2 41. Nc1 Kf7 42. Kh3 Bg3 43. Nd3 Kg6 44. Rc5 Rd2 45. Ne5+ Kh6 46. Bc1 Rd1 47. Kg4 Nd5 48. Rc6+ Kg7 49. a3 Rh1 50. Bb2 Ne3+ 51. Kg5 Bh4+ 52. Kxf4 Nxg2+ 53. Kf5 Ne3+ 54. Ke6 Re1 55. Nd3+ 1-0

[Event "RUS-chT clubs 1L"]
[Site "Korolev"]
[Date "2000.??.??"]
[Round "5"]
[White "Klichev, Mikhail"]
[Black "Ovsiannikov, Maxim"]
[Result "0-1"]
[WhiteElo "2276"]
[BlackElo "2122"]
[PlyCount "88"]
[EventDate "2000.??.??"]
[EventType "team"]
[EventRounds "9"]
[EventCountry "RUS"]
[SourceTitle "EXT 2006"]
[Source "ChessBase"]
[SourceDate "2005.11.24"]
[SourceVersion "1"]
[SourceVersionDate "2005.11.24"]
[SourceQuality "1"]

1. e4 d5 2. exd5 Qxd5 3. Nc3 Qa5 4. Bc4 Nf6 5. Nge2 Bf5 6. 0-0 e6 7. d4 c6 8. Ng3 Bg6 9. Re1 Be7 10. Nce2 Bxc2 11. Qd2 Qxd2 12. Bxd2 Nbd7 13. Rac1 Bg6 14. Nf4 Nb6 15. Bb3 Kd7 16. a4 Nbd5 17. Nfe2 Rac8 18. a5 a6 19. Nc3 Rhd8 20. Na4 Ke8 21. Nc5 Rc7 22. f3 Bxc5 23. dxc5 Rcd7 24. Ne4 Nxe4 25. fxe4 Nf6 26. Bc3 Kf8 27. Bc2 Ne8 28. Re3 Nc7 29. Ba4 f6 30. Rf1 Ke7 31. g4 e5 32. g5 Ne6 33. gxf6+ gxf6 34. Bb3 Nf4 35. h4 Bf7 36. Bc2 Bc4 37. Rf2 Ke6 38. Kh2 Rg7 39. Be1 Rdg8 40. Bb1 Rg2+ 41. Kh1 Rg1+ 42. Kh2 R8g2+ 43. Rxg2 Rxg2+ 44. Kh1 Rxb2 0-1

[Event "Moscow-2 "]
[Site "Moscow"]
[Date "1997.??.??"]
[Round "2"]
[White "Annakov, Babakuli"]
[Black "Klichev, Mikhail"]
[Result "1/2-1/2"]
[WhiteElo "2365"]
[BlackElo "2355"]
[PlyCount "33"]
[EventDate "1997.??.??"]
[EventType "tourn"]
[EventRounds "11"]
[EventCountry "RUS"]
[SourceTitle "EXT 2000"]
[Source "ChessBase"]
[SourceDate "1999.11.16"]
[SourceVersion "1"]
[SourceVersionDate "1999.11.16"]
[SourceQuality "1"]

1. d4 Nf6 2. c4 g6 3. Nc3 d5 4. cxd5 Nxd5 5. e4 Nxc3 6. bxc3 Bg7 7. Nf3 c5 8. Rb1 0-0 9. Be2 cxd4 10. cxd4 Qa5+ 11. Bd2 Qxa2 12. 0-0 b6 13. Qc1 Bb7 14. Bc4 Qa4 15. Bb5 Qa2 16. Bc4 Qa4 17. Bb5 1/2-1/2

[Event "Alushta-C"]
[Site "Alushta"]
[Date "1997.??.??"]
[Round "6"]
[White "Ivannikov, Oleg"]
[Black "Klichev, Mikhail"]
[Result "1/2-1/2"]
[WhiteElo "2090"]
[BlackElo "2355"]
[PlyCount "63"]
[EventDate "1997.??.??"]
[EventType "tourn"]
[EventRounds "9"]
[EventCountry "UKR"]
[EventCategory "3"]
[SourceTitle "EXT 2000"]
[Source "ChessBase"]
[SourceDate "1999.11.16"]
[SourceVersion "1"]
[SourceVersionDate "1999.11.16"]
[SourceQuality "1"]

1. e4 c5 2. Nf3 d6 3. d4 cxd4 4. Nxd4 Nf6 5. Nc3 g6 6. Be2 Bg7 7. Be3 0-0 8. 0-0 Nc6 9. Qd2 Ng4 10. Nxc6 bxc6 11. Bd4 e5 12. Be3 Nxe3 13. Qxe3 Qb6 14. Qxb6 axb6 15. Rad1 Rd8 16. Bc4 Be6 17. Bxe6 fxe6 18. a4 Kf7 19. b3 Ke7 20. Na2 Rf8 21. c4 g5 22. Rd3 h5 23. Rfd1 Rfd8 24. Nb4 Rac8 25. f3 Bf8 26. Nc2 Kf6 27. Ne3 Rb8 28. g4 Kg6 29. gxh5+ Kxh5 30. Kg2 Be7 31. Ng4 Rf8 32. R1d2 1/2-1/2

[Event "Moscow-B"]
[Site "Moscow"]
[Date "1997.??.??"]
[Round "6"]
[White "Klichev, Mikhail"]
[Black "Gromadin, Gleb"]
[Result "1-0"]
[WhiteElo "2355"]
[BlackElo "2190"]
[PlyCount "39"]
[EventDate "1997.??.??"]
[EventType "tourn"]
[EventRounds "9"]
[EventCountry "RUS"]
[SourceTitle "EXT 2000"]
[Source "ChessBase"]
[SourceDate "1999.11.16"]
[SourceVersion "1"]
[SourceVersionDate "1999.11.16"]
[SourceQuality "1"]

1. e4 c5 2. Nc3 Nc6 3. f4 g6 4. Nf3 Bg7 5. Bb5 Nd4 6. Nxd4 cxd4 7. Ne2 a6 8. Ba4 e6 9. 0-0 Ne7 10. d3 0-0 11. Qe1 d6 12. Bb3 Bd7 13. Qf2 Qb6 14. Qh4 Nc6 15. f5 exf5 16. exf5 Bxf5 17. Rxf5 gxf5 18. Ng3 Qc5 19. Nh5 f4 20. Qg4 1-0

[Event "Alushta-C"]
[Site "Alushta"]
[Date "1997.??.??"]
[Round "3"]
[White "Murashko, Vyacheslav L"]
[Black "Klichev, Mikhail"]
[Result "1-0"]
[WhiteElo "2430"]
[BlackElo "2355"]
[PlyCount "73"]
[EventDate "1997.??.??"]
[EventType "tourn"]
[EventRounds "9"]
[EventCountry "UKR"]
[EventCategory "3"]
[SourceTitle "EXT 2000"]
[Source "ChessBase"]
[SourceDate "1999.11.16"]
[SourceVersion "1"]
[SourceVersionDate "1999.11.16"]
[SourceQuality "1"]

1. c4 e5 2. Nc3 d6 3. Nf3 Nf6 4. d4 e4 5. Nd2 Bf5 6. e3 c6 7. Qb3 Qb6 8. Be2 Be7 9. 0-0 0-0 10. Na4 Qxb3 11. Nxb3 Nbd7 12. Na5 Rab8 13. b4 Rfc8 14. Nc3 b6 15. Nb3 c5 16. b5 d5 17. dxc5 dxc4 18. Nd4 Bg6 19. c6 Ne5 20. a4 Bb4 21. Bd2 Bc5 22. a5 Rc7 23. Ra4 bxa5 24. Bxc4 Bb4 25. Be2 a6 26. Rd1 Kf8 27. h3 Rcc8 28. bxa6 Nxc6 29. Ncb5 Ra8 30. Bxb4+ Nxb4 31. a7 Nfd5 32. Rxa5 Rc5 33. Nb3 Rc2 34. N3d4 Rc5 35. Raa1 Nc3 36. Nxc3 Rxc3 37. Rdb1 1-0